The playwright as thinker / (Record no. 27727)

MARC details
000 -LEADER
fixed length control field 02132cam a22003495i 4500
001 - CONTROL NUMBER
control field 16242329
003 - CONTROL NUMBER IDENTIFIER
control field EG-ScBUE
005 - DATE AND TIME OF LATEST TRANSACTION
control field 20191103143009.0
008 - FIXED-LENGTH DATA ELEMENTS--GENERAL INFORMATION
fixed length control field 100519s2010 mnu f b 001 0 eng d
020 ## - INTERNATIONAL STANDARD BOOK NUMBER
International Standard Book Number 9780816672950 (pbk. : alk. paper)
020 ## - INTERNATIONAL STANDARD BOOK NUMBER
International Standard Book Number 0816672954 (pbk. : alk. paper)
040 ## - CATALOGING SOURCE
Original cataloging agency DLC
Language of cataloging eng
Description conventions rda
Transcribing agency DLC
Modifying agency DLC
-- EG-ScBUE
082 04 - DEWEY DECIMAL CLASSIFICATION NUMBER
Classification number 809.2
Item number BEN
Edition number 22
100 1# - MAIN ENTRY--PERSONAL NAME
Personal name Bentley, Eric,
Dates associated with a name 1916-
Relator term author.
245 14 - TITLE STATEMENT
Title The playwright as thinker /
Statement of responsibility, etc Eric Bentley ; introduction by Richard Gilman.
250 ## - EDITION STATEMENT
Edition statement Forth edition.
250 ## - EDITION STATEMENT
Edition statement First University of Minnesota Press edition.
264 #1 - PUBLICATION, DISTRIBUTION, ETC. (IMPRINT)
Place of publication, distribution, etc Minneapolis ;
-- London :
Name of publisher, distributor, etc University of Minnesota Press,
Date of publication, distribution, etc 2010.
300 ## - PHYSICAL DESCRIPTION
Extent xxiii, 392 pages ;
Dimensions 21 cm
336 ## - CONTENT TYPE
Content type term text
Content type code txt
Source rdacontent
337 ## - MEDIA TYPE
Media type term unmediated
Media type code n
Source rdamedia
338 ## - CARRIER TYPE
Carrier type term volume
Carrier type code nc
Source rdacarrier
504 ## - BIBLIOGRAPHY, ETC. NOTE
Bibliography, etc Includes bibliographical references and index.
505 0# - FORMATTED CONTENTS NOTE
Formatted contents note The two traditions of modern drama -- Tragedy in modern dress -- Tragedy in fancy dress -- Wagner and Ibsen : a contrast -- Bernard Shaw -- Varieties of comic experience -- August Strindberg -- From Strindberg to Jean-Paul Sartre -- From Strindberg to Bertolt Brecht -- Broadway, and the alternative.
520 ## - SUMMARY, ETC.
Summary, etc First published in 1946, The Playwright as Thinker is a classic work of drama criticism that helped create the intellectual environment in which serious American theater would thrive in the second half of the twentieth century. At the time of publishing, most drama critics believed dramatic art deserved no intellectual status; Eric Bentley set out to prove them wrong. Focusing on the canonic playwrights Strindberg, Ibsen, Pirandello, Sartre, and Brecht, Bentley viewed the playwright as thinker, and his survey of over 150 years of dramatic art provided, in essence, an intellectual history of Eu.
650 #7 - SUBJECT ADDED ENTRY--TOPICAL TERM
Topical term or geographic name as entry element Drama
Chronological subdivision 19th century
General subdivision History and criticism.
Source of heading or term BUEsh
650 #7 - SUBJECT ADDED ENTRY--TOPICAL TERM
Topical term or geographic name as entry element Drama
Chronological subdivision 20th century
General subdivision History and criticism.
Source of heading or term BUEsh
9 (RLIN) 30822
653 ## - INDEX TERM--UNCONTROLLED
Resource For college Humanities: English
Arrived date list November2019
655 ## - INDEX TERM--GENRE/FORM
Form subdivision Reading book
700 1# - ADDED ENTRY--PERSONAL NAME
Personal name Gilman, Richard,
Dates associated with a name 1923-2006,
Relator term author of introduction, etc.
942 ## - ADDED ENTRY ELEMENTS (KOHA)
Source of classification or shelving scheme Dewey Decimal Classification
Koha item type Book - Borrowing
Holdings
Withdrawn status Lost status Source of classification or shelving scheme Damaged status Not for loan Collection code Home library Current library Shelving location Date acquired Source of acquisition Cost, normal purchase price Total Checkouts Total Renewals Full call number Barcode Date last seen Date checked out Cost, replacement price Price effective from Koha item type
    Dewey Decimal Classification     Baccah Central Library Central Library Second Floor 03/11/2019 Purchase 360.00 5 7 809.2 BEN 000048190 15/07/2025 15/08/2021 450.00 03/11/2019 Book - Borrowing